00563 2200217 4500001002100000005001500021035002000036007000300056008004100059020001500100082001500115084002100130100001600151245002500167250001000192260004900202300002100251500002800272650002000300990002500320INLIS00000000000291020260408031752 a0010-0426000020ta260408 g 1 ind  a9796955423 a899. 221 3 a899. 221 3 FIR p0 aFira Basuki1 aPintu /cFira Basuki aed. 1 aJakarta :bPT. Gramedia Pustaka Utama,c2002 a157 hlm ;c20 cm aPintu Karya Fira Basuki 4aFiksi Indonesia a05185/H/SMAN2TS/2026